Statistiques concernant Focus sur: Justin Finch-Fletchley - Harry Potter

Cliquez ici pour prendre le quiz!

Statistiques générales

  • Ce quiz a été pris 70 fois
  • Le résultat moyen est 5 sur 6

Statistiques - réponses

Informations recherchéesRéponses% Correct
Lieu de rencontre avec Harry PotterPoudlard
98%
Ecole fréquentéePoudlard
98%
Maison fréquentéePoufsouffle
98%
Statut du sangNé-Moldu
95%
Première apparitionHarry Potter à l'école des sorciers
88%
Acteur l'interprétant dans les filmsEdward Randell
14%

Distribution des résultats

Percentile par nombre de réponses

% des personnes avec chaque résultat

Votre développement - résultats

Vous n’avez pas pris ce quiz